1775 1946 1635 1199 1788 1860 1152 1189 1757 1972 1444 1447 1034 1552 1585 1988 1708 1758 1032 1410 1889 1345 1479 1090 1391 1154 1342 1185 1570 1281 1119 1515 1202 1169 1230 1054 1848 1159 1936 1562 1310 1161 1317 1029 1084 1042 1579 1030 1831 1015 1778 1179 1471 1953 1589 1733 1230 1552 1240 1436 1891 1529 1035 1251 1759 1928 1337 1162 1446 1214 1629 1935 1841 1408 1066 1406 1321 1428 1494 1223 1946 1789 1258 1089 1065 1739 1249 1555 1159 1171 1806 1184 1512 1485 1290 1258 1860 1518 1998 BCNSPRNW ULIB Ver.6.0+V

เปลี่ยนเป็นภาษาไทย

Change to English
 แสดงรายละเอียดบรรณานุกรม
  กลับหน้าหลัก

Brief Record : Get Marc (ISO 2709) : E-mail record : QR code < ปิดหน้าต่าง
LEADER : 00000nam 2200000uu 4500
001    13399115123
003     ULIB
008    120711s2551||||th 000 0 tha d
020    ^a9789741685196
090    ^aนว.^bน574ส 2551
100 0  ^aนิตย์รวี
245 00 ^aรักร้อย...หนึ่งใจ/^cนิตย์รวี
250    ^aพิมพ์ครั้งที่
260    ^aกรุงเทพฯ :^bธุรดา,^c2551
300    ^a289 หน้า
995    ^aกัณชพร
999    ^aใช้งานได้ทุกระบบ
รายการนี้ยังไม่มีแท็ก
คุณยังไม่ได้ล็อกอิน คุณสามารถมีกิจกรรมร่วมกับเว็บไซต์ได้ แต่ต้องล็อกอินก่อน ::
  ล็อกอิน

รายการสื่อสารสนเทศ

ลำดับที่ ประเภท เลขเรียก/บาร์โค้ด สถานที่ สถานะ
- ไม่พบข้อมูล -

รายการใกล้เคียง
    ผู้แต่ง [นิตย์รวี]

BibComment


ยังไม่เคยถูกคอมเมนท์

คอมเมนท์ทรัพยากรรายการนี้
  คอมเมนท์: รักร้อยหนึ่งใจ น..


 Copyright 2026. Bcnsprnw @Library